000 01328cam a22004454i 4500
003 PE-LiUPU
005 20250731165456.0
008 150623s r 000 0 d
035 _a(Sirsi) a21540
035 _a(Sirsi) a21540
040 _aPE-LiUPU
_bspa
_cPE-LiUPU
_erda
082 0 4 _a340.03
_bG243d
_221
100 1 _aGarrone, José Alberto,
_eautor.
245 1 0 _aDiccionario manual jurídico Abeledo-Perrot /
_cJosé Alberto Garrone.
264 1 _aBuenos Aires :
_bAbeledo Perrot,
_c1994.
300 _a782 páginas ;
_c23 centímetros.
336 _atext
_2rdacontent
337 _aunmediated
_2rdamedia
338 _avolume
_2rdacarrier
505 0 _aDiccionario juridico: A-Z.
526 _aSEG44
526 _aSEG26
526 _aP151
526 _aP150
526 _aP149
526 _aP146
526 _aP145
526 _aP126
526 _aP125
526 _aP92
526 _aP75
526 _aP74
526 _aP27
526 _aP15
650 0 4 _aDerecho
_vDiccionarios.
942 _2ddc
_cBK
949 _aRC 340.03D G25
_wDEWEY
_c1
_i45132
_lRC
_mBUL
_r0
_sY
_tBOOK
_u2015-6-24
_xBIBLIOTECA
_zUNKNOWN
_0COMPRA
_o.CIRCNOTE. No olvidar cambiar la fecha de devolución!!!!!!!
_o.STAFF. Colección General
999 _c22014
_d22014
980 _81
_gALBERTO SANCHEZ Responsable de Automatización